000 00418nam a22001817a 4500
003 MPLRDC
005 20220104124629.0
008 210129b ||||| |||| 00| 0 eng d
020 _a962-04-0064-X
082 _a690 FCJ
100 _a范长江
245 _a中国的西北角
_c
250 _a一版三刷
260 _a
_b三联书店
_c1983
300 _b
650 _a中国游记
942 _cBK
_o690 FCJ
999 _c20889
_d20879